Open Data Biblioteca Nacional de Portugal


República Portuguesa: Ministério da Cultura
Biblioteca Nacional de Portugal

Catálogo da BNP: acesso por Identificadores Unívocos
Registos Bibliográficos associados ao registo de autoridade

Etiqueta de registo: 00254nam 2200025 450
001 2281500
003 http://id.bnportugal.gov.pt/bib/catbnp/2281500
100 ## $a20260318d2025 k y0pory01030103ba
101 0# $apor$deng
102 ## $aPT
105 ## $aa m 000yy
106 ## $ar
200 1# $aQual o potencial das práticas de ensino da escrita na produção de modos de ser aluno?$fMarta Maria Mota de Morais Sarmento$gorient. Jorge Manuel Nunes Ramos do Ó, Tiago Alexandre Fernandes Almeida
210 #9 $aLisboa$c[s.n.],$d2025
215 ## $aXVIII, 369 p.$cil.$d30 cm
328 #1 $aTese dout. Educação (Teoria e Desenvolvimento Curricular), Instituto de Educação, Universidade de Lisboa, 2025
700 #1 $aSarmento,$bMarta Maria Mota de Morais$31992280
702 #1 $aÓ,$bJorge Ramos do,$f1962-$4727$350035
702 #1 $92$aAlmeida,$bTiago$4727$31433480
801 #0 $aPT$bBN$gRPC
966 ## $lBN$mFGMON$x1
971 ## $cssilva$d20260318

OpendataBNP@bnportugal.pt | Mais informação sobre acesso aos dados BNP